000 01350pab a2200181 454500
008 180718b2004 xxu||||| |||| 00| 0 eng d
100 _aGupta, Anil
245 _aJIT in the service sector
260 _c2004
300 _ap.613-20.
362 _aJan-Mar
520 _aJust-in-Time (JIT) concepts have been successfully implemented in manufacturing organizations. There is reasonable consensus among researchers that JIT is a useful and beneficial approach reducing manufacturing costs while simultaneously improving the quality of a product. However, all reported instances of successful and unsuccessful JIT practices lie mainly within manufacturing settings. These JIT concepts and tools, originally developed in the manufacturing domain, can be identified, analyzed and altered to fit and benefit service organizations. This paper critically examines the potential of JIT within the Indian Service Sector. An analysis of a questionnaire supplied to various service industries is carried out with the help of statistical tests. The paper identities existing problems and benefits that can be achieved by implementing JIT in Indian service industries. Some research directions have also been identified. - Reproduced.
650 _aOrganizations
700 _aGarg, Dixit
700 _aRaj Kumar
773 _aProductivity
909 _a62042
999 _c62042
_d62042